000 01170nam a2200313 c 4500
999 _c187367
_d187367
003 BLK
005 20240405095143.0
008 180411b bul|||||r ||||||| ||bul||
010 _aKNG00196376000
040 _aBLK
041 _aBUL
_cBUL
080 _aБългарска литература
_b821.163.2
_x-1
_z821.163.2-1
100 1 _aРалин, Радой
_eпърви автор
_gСтоянов, Димитър Стефанов
_9364208
139 _aРалин, Радой
_bР 32
245 1 0 _aВсичко ми говори
_bСтихотворения
_cРадой Ралин; худож. Румен Скорчев.
257 _aBGR
260 _aСофия
_bНар. младеж
_c1975
300 _a240 с.
_bс ил.
_c21 см
380 _aX
490 _aПоредица Поколение
_9205271
700 _aСкорчев, Румен Денев
_d1932 - 2015
_gХудожник.
_9244097
852 _aЦб 76895
_bЦб
856 4 _qpdf
856 4 _qpdf
942 _cKNG
_n0
_01
_s1
944 _aCR
_c17.11.2016
_k30560
_lГеновева Генчева
944 _aED
_c17.11.2016
_kТеодора_Стоянова
999 _d187367